000 00815nam a2200217 a 4500
001 000048712
005 20201002061341.0
008 190314s2016 dr c 000 0 spa d
020 _a9789945600476
040 _aDO-SdBNP
_bspa
_cBNPHU
082 _axxxx
_bR934o
100 1 _aRuiz, Ramón Bolívar
_d1930-
_976169
245 1 0 _aOrigen y desarrollo de la educación Bonaense /
_cRamón Bolívar Ruiz, Ysabel Fabré de Morel ; prólogo Rafael Guaroa Moreta Batista.
260 _aSanto Domingo :
_bSantuario,
_c2016.
300 _a141 p. :
_bretrs. ;
_c22 cm.
500 _aIncluye datos biografícos de los autores en las solapas.
504 _aBibliografía p: 141
590 _aInventariado, 2019/ YL
700 1 2 _aFabré de Morel, Ysabel
_d1958-
_976170
700 1 2 _aMoreta Batista, Rafael Guaroa
_eprol.
_976171
999 _c48200
_d48200